Gaming Quiz

Random Gaming or Pokémon Quiz

Pokemon Génération IV (Français) Quiz Stats

Quiz not verified by Sporcle

Challenge
Share
Tweet
Embed
Score 0/107 Timer 12:00
0 Plays Today
Pokedex n° Nom % Correct
389Torterra
88.5%
387Tortipouss
84.6%
390Ouisticram
84.6%
393Tiplouf
84.6%
484Palkia
84.6%
388Boskara
80.8%
396Etourmi
80.8%
398Etouraptor
80.8%
483Dialga
80.8%
391Chimpenfeu
76.9%
392Simiabraz
76.9%
395Pingoleon
76.9%
397Etourvol
76.9%
487Giratina
76.9%
482Crefadet
73.1%
488Cresselia
73.1%
491Darkrai
73.1%
400Castorno
69.2%
447Riolu
69.2%
448Lucario
69.2%
480Crehelf
69.2%
399Keunotor
65.4%
466Elekable
65.4%
467Maganon
65.4%
481Crefollet
65.4%
403Lixy
61.5%
405Luxray
61.5%
410Dinoclier
61.5%
412Cheniti
61.5%
443Griknot
61.5%
445Carchacrok
61.5%
459Blizzi
61.5%
460Blizzaroi
61.5%
485Heatran
61.5%
486Regigigas
61.5%
492Shaymin
61.5%
Pokedex n° Nom % Correct
493Arceus
61.5%
404Luxio
57.7%
406Rozbouton
57.7%
407Roserade
57.7%
409Charkos
57.7%
411Bastiodon
57.7%
413Cheniselle
57.7%
418Mustebouee
57.7%
471Givrali
57.7%
489Manaphy
57.7%
415Apitrini
53.8%
416Apireine
53.8%
419Musteflott
53.8%
426Grodrive
53.8%
429Magireve
53.8%
430Corboss
53.8%
444Carmache
53.8%
470Phyllali
53.8%
478Momartik
53.8%
490Phione
53.8%
408Kranidos
50%
420Ceribou
50%
422Sancoki
50%
425Baudrive
50%
456Ecayon
50%
457Lumineon
50%
465Bouldeneu
50%
468Togekiss
50%
414Papilord
46.2%
421Ceriflor
46.2%
423Tritosor
46.2%
436Archeomire
46.2%
437Archeodong
46.2%
439Mime Jr.
46.2%
446Goinfrex
46.2%
464Rhinastoc
46.2%
Pokedex n° Nom % Correct
474Porygon-Z
46.2%
477Noctunoir
46.2%
394Primplouf
42.3%
440Ptiravi
42.3%
449Hippopotas
42.3%
450Hippodocus
42.3%
452Drascore
42.3%
472Scorvol
42.3%
476Tarinorme
42.3%
479Motisma
42.3%
438Manzai
38.5%
442Spiritomb
38.5%
451Rapion
38.5%
455Vortente
38.5%
463Coudlangue
38.5%
475Gallame
38.5%
402Melokrik
34.6%
417Pachirisu
34.6%
424Capidextre
34.6%
427Laporeille
34.6%
428Lockpin
34.6%
431Chaglam
34.6%
453Cradopaud
34.6%
454Coatox
34.6%
461Dimoret
34.6%
473Mammochon
34.6%
433Korillon
34.6%
434Moufouette
34.6%
432Chaffreux
34.6%
435Moufflair
30.8%
458Babimanta
30.8%
462Magnezone
30.8%
469Yanmega
30.8%
401Crikzik
26.9%
441Pijako
26.9%

You're not logged in!

Compare scores with friends on all Sporcle quizzes.
Join for Free
OR
Log In

You Might Also Like...

Show Comments

Extras

Top Quizzes Today


Score Distribution

Your Account Isn't Verified!

In order to create a playlist on Sporcle, you need to verify the email address you used during registration. Go to your Sporcle Settings to finish the process.

Report this User

Report this user for behavior that violates our Community Guidelines.

Details: